Normal view
MARC view
- البخاري، أبي عبدالله محمد بن اسمعيل؛ تحقيق محمود إبراهيم زايد
Entry Personal Name
001 - CONTROL NUMBER
- control field: 8254
003 - CONTROL NUMBER IDENTIFIER
- control field: JO-AjAnu
005 - DATE AND TIME OF LATEST TRANSACTION
- control field: 20230606071631.0
008 - FIXED-LENGTH DATA ELEMENTS
- fixed length control field: 230606|| aca||aabn | a|a d
040 ## - CATALOGING SOURCE
- Original cataloging agency: JO-AjAnu
- Transcribing agency: JO-AjAnu
100 ## - HEADING--PERSONAL NAME
- Personal name: البخاري، أبي عبدالله محمد بن اسمعيل؛ تحقيق محمود إبراهيم زايد
670 ## - SOURCE DATA FOUND
- Source citation: Work cat.: (JO-AjAnu)4263: البخاري، أبي عبدالله محمد بن اسمعيل؛ تحقيق محمود إبراهيم زايد, author, كتاب الضعفاء الصغير ويليه كتاب الضعفاء والمتروكين